| 000 | 01035njm a22002537a 4500 | ||
|---|---|---|---|
| 005 | 20100901134316.0 | ||
| 007 | sd ammalaaahaa | ||
| 008 | 100901t xxu||||| |||| 00| 0 hin d | ||
| 028 |
_aGE. 23925 _bColumbia |
||
| 028 |
_aCEI. 61543 _bColumbia |
||
| 028 |
_aCEI. 61544 _bColumbia |
||
| 040 | _aSED/VEN | ||
| 100 |
_aShipley, Van _917866 |
||
| 245 |
_aShree 420 Part 1 / _cby Van Shipley _h[sound recording] : |
||
| 246 | _aश्री ४२० पार्ट १ | ||
| 260 |
_aDum Dum, India _bColumbia |
||
| 300 |
_a1 sound Disc : _banalog, 33 1/3 rpm _c10 in |
||
| 500 | _aBrief record | ||
| 505 | _aElectric gitar tarj-mud mud ke na dekh, jeevan ke safar mein rahi (इलेक्ट्रिक गिटार तर्ज-मुद मुद के न देख , जीवन के सफ़र में राही | ||
| 650 |
_aClassical music _xExcerpts _zIndia _917867 |
||
| 700 |
_aAlladia Khan _917868 |
||
| 942 |
_2ddc _cGR |
||
| 999 |
_c43347 _d43347 |
||